[Event "HUN-chT2 Szechenyi 1819"]
[Site "Hungary"]
[Date "2019.03.31"]
[Round "8.2"]
[White "Gaal, Ede"]
[Black "Boronyak, Arpad"]
[Result "0-1"]
[WhiteElo "2059"]
[BlackElo "2120"]
[PlyCount "62"]
[EventDate "2018.10.28"]
[EventType "team-tourn"]
[EventRounds "9"]
[EventCountry "HUN"]
[SourceTitle "EXT 2021"]
[Source "ChessBase"]
[SourceDate "2020.10.23"]
[SourceVersion "1"]
[SourceVersionDate "2020.10.23"]
[SourceQuality "1"]
[WhiteTeam "Haladas Szombathely III"]
[BlackTeam "Csuti Baki Agrocentrum"]
[WhiteTeamCountry "HUN"]
[BlackTeamCountry "HUN"]

1. e4 e6 2. d4 d5 3. e5 c5 4. c3 Nc6 5. Nf3 f6 6. Bb5 Qb6 7. Bxc6+ bxc6 8. 0-0 Ne7 9. dxc5 Qxc5 10. Be3 Qa5 11. exf6 gxf6 12. Bd4 Bg7 13. Nbd2 0-0 14. b4 Qc7 15. Bc5 e5 16. c4 Be6 17. Re1 Qd7 18. Qa4 Rfe8 19. Rad1 Ng6 20. Ne4 d4 21. Qa6 Bg4 22. Rd3 f5 23. Nd6 Re6 24. Qb7 Rd8 25. Qxd7 Rxd7 26. Rxd4 e4 27. Rdd1 Nf4 28. h3 Nxh3+ 29. gxh3 Bxf3 30. Nxf5 Rxd1 31. Rxd1 Bxd1 0-1

[Event "HUN-chT2 Charousek 1819"]
[Site "Hungary"]
[Date "2018.11.18"]
[Round "4.10"]
[White "Horvath, Laszlo3333"]
[Black "Gaal, Ede"]
[Result "0-1"]
[WhiteElo "1954"]
[BlackElo "2059"]
[PlyCount "76"]
[EventDate "2018.09.23"]
[EventType "team-tourn"]
[EventRounds "11"]
[EventCountry "HUN"]
[SourceTitle "CBM 189 Extra"]
[Source "ChessBase"]
[SourceDate "2019.06.03"]
[SourceVersion "1"]
[SourceVersionDate "2019.06.03"]
[SourceQuality "1"]
[WhiteTeam "Gyor Szechenyi"]
[BlackTeam "Haladas Szombathely II"]
[WhiteTeamCountry "HUN"]
[BlackTeamCountry "HUN"]

1. e4 c5 2. Nf3 e6 3. d4 cxd4 4. Nxd4 Nf6 5. Nc3 Nc6 6. Ndb5 d6 7. a4 a6 8. Na3 d5 9. exd5 exd5 10. Bd3 Bg4 11. Be2 Be6 12. Bf3 Bc5 13. 0-0 0-0 14. Bg5 Nd4 15. Bxf6 Qxf6 16. Bxd5 Rad8 17. Bxe6 fxe6 18. Qg4 Bxa3 19. Rxa3 Nxc2 20. Ne4 Qf5 21. Qxf5 exf5 22. Rc3 Nd4 23. Re3 fxe4 24. Rxe4 Rfe8 25. f3 Rxe4 26. fxe4 Re8 27. Re1 Kf7 28. Kf2 Ke6 29. Rd1 Ke5 30. Ke3 Rd8 31. Rc1 Nc6 32. Rc5+ Ke6 33. Rg5 g6 34. h4 Ne5 35. h5 h6 36. Rg3 Rd3+ 37. Kf2 Rxg3 38. Kxg3 g5 0-1

[Event "Balaton op 36th"]
[Site "Balatonlelle"]
[Date "2018.06.20"]
[Round "9"]
[White "Gaal, Ede"]
[Black "Chandratreya, Prachiti"]
[Result "1-0"]
[WhiteElo "2141"]
[BlackElo "1729"]
[PlyCount "82"]
[EventDate "2018.06.12"]
[EventType "swiss"]
[EventRounds "9"]
[EventCountry "HUN"]
[SourceTitle "CBM 185 Extra"]
[Source "ChessBase"]
[SourceDate "2018.07.29"]
[SourceVersion "1"]
[SourceVersionDate "2018.07.29"]
[SourceQuality "1"]

1. e4 e6 2. d4 d5 3. e5 c5 4. c3 Qb6 5. Nf3 Nc6 6. a3 Nh6 7. b4 cxd4 8. Bxh6 gxh6 9. cxd4 Bd7 10. Nc3 Nxb4 11. Rb1 Qc7 12. Nb5 Nc2+ 13. Kd2 Qa5+ 14. Kxc2 Rc8+ 15. Kb2 Bxb5 16. Bxb5+ Qxb5+ 17. Qb3 Qxb3+ 18. Kxb3 Be7 19. h4 0-0 20. Rhc1 b5 21. g3 Rc4 22. Ne1 Rfc8 23. Rc2 a6 24. h5 Rb8 25. Rd1 Rbc8 26. Rd3 Bxa3 27. Ra2 Bb4 28. Nc2 a5 29. Ne3 Rc3+ 30. Rxc3 Rxc3+ 31. Kb2 Rd3 32. Kc1 Rxd4 33. f4 Rd3 34. Ng4 Rxg3 35. Nf6+ Kf8 36. Rf2 Rg1+ 37. Kb2 d4 38. f5 Bc3+ 39. Kc2 exf5 40. Rxf5 b4 41. Nd5 Rg5 1-0

[Event "Balaton op 36th"]
[Site "Balatonlelle"]
[Date "2018.06.19"]
[Round "8"]
[White "Bernath, Bence"]
[Black "Gaal, Ede"]
[Result "1/2-1/2"]
[WhiteElo "1758"]
[BlackElo "2141"]
[PlyCount "77"]
[EventDate "2018.06.12"]
[EventType "swiss"]
[EventRounds "9"]
[EventCountry "HUN"]
[SourceTitle "CBM 185 Extra"]
[Source "ChessBase"]
[SourceDate "2018.07.29"]
[SourceVersion "1"]
[SourceVersionDate "2018.07.29"]
[SourceQuality "1"]

1. e4 g6 2. d4 Bg7 3. Nc3 d6 4. f4 Nf6 5. Bd3 0-0 6. Nf3 Bg4 7. h3 Bxf3 8. Qxf3 Nc6 9. Qf2 e5 10. fxe5 dxe5 11. d5 Nb4 12. 0-0 Ne8 13. g4 Nd6 14. Qg3 Qe7 15. Bd2 f5 16. gxf5 gxf5 17. Bg5 Qf7 18. exf5 Nxd3 19. f6 Nf4 20. fxg7 Qxg7 21. Bxf4 exf4 22. Qxg7+ Kxg7 23. Ne2 Rf5 24. Nxf4 Rg8 25. Ne6+ Kh6+ 26. Kh1 Rxd5 27. Rad1 Re5 28. Rf6+ Rg6 29. Rxg6+ hxg6 30. Nxc7 Ne4 31. Rd4 Ng5 32. Rd2 Nxh3 33. Rh2 Rh5 34. Nd5 Kg5 35. c4 Rh4 36. b4 a6 37. c5 Rd4 38. Rxh3 Rxd5 39. Rh7 1/2-1/2

[Event "HUN-chT2 Szechenyi 1516"]
[Site "Hungary"]
[Date "2016.03.20"]
[Round "9.6"]
[White "Juhasz, Nagy Sandor"]
[Black "Gaal, Ede"]
[Result "1-0"]
[WhiteElo "1872"]
[BlackElo "2030"]
[PlyCount "87"]
[EventDate "2015.09.13"]
[EventType "team-tourn"]
[EventRounds "11"]
[EventCountry "HUN"]
[SourceTitle "EXT 2017"]
[Source "ChessBase"]
[SourceDate "2016.10.25"]
[SourceVersion "1"]
[SourceVersionDate "2016.10.25"]
[SourceQuality "1"]
[WhiteTeam "Ezust Huszar"]
[BlackTeam "HVSE Infraplan"]
[WhiteTeamCountry "HUN"]
[BlackTeamCountry "HUN"]

1. d4 Nf6 2. c4 g6 3. Nc3 Bg7 4. Nf3 0-0 5. Bg5 c5 6. e3 d6 7. Bd3 Bg4 8. d5 Qb6 9. Rb1 Nbd7 10. 0-0 Ne5 11. Be2 Bxf3 12. gxf3 h6 13. Bf4 Nfd7 14. Bg3 f5 15. f4 Nf7 16. Qc2 h5 17. Bh4 Rae8 18. Kh1 Kh7 19. Bxh5 Bf6 20. Bxg6+ Kxg6 21. Rg1+ Kh6 22. Qxf5 Rg8 23. Bg5+ Nxg5 24. fxg5+ Rxg5 25. Qh3+ Rh5 26. Qxd7 Rf8 27. Ne4 Qd8 28. Nxf6 Qxd7 29. Nxd7 Rd8 30. Nxc5 dxc5 31. Rg3 b5 32. b3 Rh4 33. Rbg1 bxc4 34. bxc4 Rb8 35. Rg6+ Kh7 36. Rg7+ Kh8 37. R1g4 Rb2 38. Kg2 Rxa2 39. Rg8+ Kh7 40. R4g7+ Kh6 41. Rxe7 Rxc4 42. d6 Rcc2 43. Rf8 Rd2 44. d7 1-0

[Event "Balatonalmadi Pannonia Cup 18th"]
[Site "Balatonalmadi"]
[Date "2013.07.28"]
[Round "7"]
[White "Gaal, Ede"]
[Black "Karacsonyi, Gellert"]
[Result "1-0"]
[WhiteElo "2051"]
[BlackElo "1712"]
[PlyCount "33"]
[EventDate "2013.07.24"]
[EventType "swiss"]
[EventRounds "7"]
[EventCountry "HUN"]
[SourceTitle "EXT 2016"]
[Source "ChessBase"]
[SourceDate "2015.10.08"]
[SourceVersion "1"]
[SourceVersionDate "2015.10.08"]
[SourceQuality "1"]

1. e4 e6 2. d4 d5 3. e5 c5 4. c3 Nc6 5. Nf3 Bd7 6. Bd3 cxd4 7. cxd4 Qb6 8. 0-0 Rc8 9. Nc3 Na5 10. Kh1 Ne7 11. Na4 Qc6 12. b3 b5 13. Nc5 Nf5 14. Bd2 Bxc5 15. dxc5 Qa6 16. a4 Nb7 17. axb5 1-0

[Event "Balatonalmadi Pannonia Cup 18th"]
[Site "Balatonalmadi"]
[Date "2013.07.26"]
[Round "4"]
[White "Balint, Vilmos"]
[Black "Gaal, Ede"]
[Result "1-0"]
[WhiteElo "2216"]
[BlackElo "2051"]
[PlyCount "69"]
[EventDate "2013.07.24"]
[EventType "swiss"]
[EventRounds "7"]
[EventCountry "HUN"]
[SourceTitle "EXT 2016"]
[Source "ChessBase"]
[SourceDate "2015.10.08"]
[SourceVersion "1"]
[SourceVersionDate "2015.10.08"]
[SourceQuality "1"]

1. e4 c5 2. Nf3 e6 3. d4 cxd4 4. Nxd4 Nf6 5. Bd3 Nc6 6. Ne2 Ne5 7. c4 Bb4+ 8. Nbc3 Qc7 9. 0-0 a6 10. Bf4 Bd6 11. Bg3 h5 12. Kh1 Nfg4 13. h3 h4 14. Bxe5 Nxe5 15. f4 Nxd3 16. Qxd3 b6 17. e5 Be7 18. Ne4 Bb7 19. N2c3 Qc6 20. Rf2 0-0-0 21. Rd1 Rh6 22. Rfd2 Bb4 23. a3 Be7 24. b4 f5 25. exf6 gxf6 26. b5 Qc7 27. bxa6 Bxa6 28. Nb5 Qxf4 29. Ned6+ Bxd6 30. Nxd6+ Kc7 31. Nf7 d5 32. Nxd8 Kxd8 33. Qb3 Bxc4 34. Qxb6+ Ke7 35. Qa7+ 1-0

[Event "HUN-chT2 Szechenyi 1213"]
[Site "Hungary"]
[Date "2013.01.27"]
[Round "6.6"]
[White "Rot, Norbert"]
[Black "Gaal, Ede"]
[Result "0-1"]
[WhiteElo "1840"]
[BlackElo "2025"]
[PlyCount "96"]
[EventDate "2012.09.16"]
[EventType "team-tourn"]
[EventRounds "11"]
[EventCountry "HUN"]
[SourceTitle "EXT 2014"]
[Source "ChessBase"]
[SourceDate "2013.11.20"]
[SourceVersion "1"]
[SourceVersionDate "2013.11.20"]
[SourceQuality "1"]
[WhiteTeam "Peti MTE"]
[BlackTeam "Lovo"]
[WhiteTeamCountry "HUN"]
[BlackTeamCountry "HUN"]

1. e4 c5 2. Nf3 e6 3. d4 cxd4 4. Nxd4 Nf6 5. Nc3 Nc6 6. a3 d5 7. exd5 Nxd5 8. Nxc6 bxc6 9. Nxd5 exd5 10. Bd3 Bd6 11. 0-0 0-0 12. Qh5 g6 13. Qf3 Rb8 14. Re1 Qc7 15. Bh6 Bxh2+ 16. Kh1 Be5 17. Bxf8 Kxf8 18. Rab1 Bxb2 19. Qe3 Be6 20. Qg3 Qxg3 21. fxg3 Be5 22. Rxb8+ Bxb8 23. Kh2 Bd6 24. a4 Ke7 25. Rb1 Bc5 26. Rb7+ Kd6 27. Rb1 h5 28. Rf1 Bb6 29. g4 hxg4 30. Kg3 Be3 31. Re1 Bd4 32. Kf4 c5 33. Be2 Be5+ 34. Kg5 Bg3 35. Rb1 c4 36. Rb7 Bf2 37. Bxg4 Be3+ 38. Kh4 f5 39. Be2 g5+ 40. Kh5 f4 41. Bf3 Bf5 42. Rb2 c3 43. Ra2 Ke5 44. Kxg5 d4 45. Kh4 a5 46. Be2 Bc1 47. g4 fxg3 48. Kxg3 Bb2 0-1

[Event "HUN-chT2 Szechenyi 1213"]
[Site "Hungary"]
[Date "2012.11.04"]
[Round "3.6"]
[White "Gaal, Ede"]
[Black "Egresi, Mate"]
[Result "1/2-1/2"]
[WhiteElo "2025"]
[BlackElo "1998"]
[PlyCount "63"]
[EventDate "2012.09.16"]
[EventType "team-tourn"]
[EventRounds "11"]
[EventCountry "HUN"]
[SourceTitle "EXT 2014"]
[Source "ChessBase"]
[SourceDate "2013.11.20"]
[SourceVersion "1"]
[SourceVersionDate "2013.11.20"]
[SourceQuality "1"]
[WhiteTeam "Lovo"]
[BlackTeam "Sarvar"]
[WhiteTeamCountry "HUN"]
[BlackTeamCountry "HUN"]

1. Nf3 d5 2. g3 Nf6 3. Bg2 e6 4. 0-0 Be7 5. d3 0-0 6. Nbd2 b6 7. c3 Bb7 8. Qc2 Nbd7 9. e4 dxe4 10. dxe4 e5 11. Rd1 c6 12. Nc4 Qc7 13. Nh4 Ba6 14. Bf1 Nc5 15. f3 g6 16. Be3 b5 17. Nd2 Bc8 18. Nb3 Nxb3 19. axb3 Be6 20. b4 a5 21. bxa5 Rxa5 22. b4 Rxa1 23. Rxa1 c5 24. Bxb5 cxb4 25. c4 Bc5 26. Ng2 Nd7 27. Ra6 Nb6 28. Qf2 Bxe3 29. Nxe3 Nxc4 30. Nxc4 Bxc4 31. Rc6 Qb7 32. Rb6 1/2-1/2

[Event "Balatonalmadi Pannonia Cup 17th"]
[Site "Balatonalmadi"]
[Date "2012.07.28"]
[Round "6"]
[White "Gaal, Ede"]
[Black "Forgacs, Attila"]
[Result "0-1"]
[WhiteElo "2036"]
[BlackElo "2188"]
[PlyCount "71"]
[EventDate "2012.07.25"]
[EventType "swiss"]
[EventRounds "7"]
[EventCountry "HUN"]
[SourceTitle "EXT 2016"]
[Source "ChessBase"]
[SourceDate "2015.10.08"]
[SourceVersion "1"]
[SourceVersionDate "2015.10.08"]
[SourceQuality "1"]

1. e4 c5 2. Nf3 d6 3. c3 Nf6 4. Be2 Bd7 5. d3 g6 6. 0-0 Bg7 7. Re1 0-0 8. Nbd2 e5 9. Nc4 Bc6 10. Bg5 b5 11. Ne3 Nbd7 12. Ng4 h5 13. Ne3 Qc7 14. Qc1 d5 15. exd5 Nxd5 16. Nxd5 Bxd5 17. Bh6 Qd6 18. c4 Bc6 19. Bxg7 Kxg7 20. cxb5 Bxb5 21. d4 Bxe2 22. dxc5 Qa6 23. c6 Bxf3 24. cxd7 Bc6 25. Rxe5 Bxd7 26. b4 Qf6 27. Ra5 Rfc8 28. Qf1 Rc2 29. a4 Rxf2 30. Qxf2 Qxa1+ 31. Qf1 Qd4+ 32. Qf2 Qd1+ 33. Qf1 Bxa4 34. Qxd1 Bxd1 35. Kf2 Bb3 36. Ke3 0-1

[Event "HUN-chT2 Szechenyi 1112"]
[Site "Hungary"]
[Date "2012.02.19"]
[Round "6.6"]
[White "Ongai, Erik"]
[Black "Gaal, Ede"]
[Result "1-0"]
[WhiteElo "1994"]
[BlackElo "2058"]
[PlyCount "79"]
[EventDate "2011.09.25"]
[EventType "team-tourn"]
[EventRounds "11"]
[EventCountry "HUN"]
[SourceTitle "EXT 2013"]
[Source "ChessBase"]
[SourceDate "2012.11.22"]
[SourceVersion "1"]
[SourceVersionDate "2012.11.22"]
[SourceQuality "1"]
[WhiteTeam "Sarvar"]
[BlackTeam "Lovo"]
[WhiteTeamCountry "HUN"]
[BlackTeamCountry "HUN"]

1. e4 c5 2. Nf3 e6 3. d4 cxd4 4. Nxd4 Nf6 5. Bd3 Nc6 6. Nb3 d5 7. exd5 Nxd5 8. a3 Bd6 9. N1d2 0-0 10. Ne4 Bc7 11. 0-0 f5 12. Ng5 Ne5 13. Re1 Qd6 14. g3 Bd7 15. c4 Nf6 16. Rxe5 Qxe5 17. Bf4 Qxb2 18. Bxc7 Ba4 19. Rb1 Qxa3 20. Nxe6 Rf7 21. Bxf5 Re8 22. Bd6 Qa2 23. Ng5 Ne4 24. Bxh7+ Kh8 25. Nxf7+ Kxh7 26. Qh5+ Kg8 27. Nh6+ gxh6 28. Qg6+ Kh8 29. Qxh6+ Kg8 30. Qg6+ Kh8 31. Qh5+ Kg8 32. Qd5+ Kh7 33. Nd2 Bc6 34. Rxb7+ Bxb7 35. Qxb7+ Kg6 36. Nxe4 Qxc4 37. f3 a5 38. h4 Qd3 39. h5+ Kxh5 40. Qh7# 1-0

[Event "HUN-chT2 Szechenyi 1112"]
[Site "Hungary"]
[Date "2011.11.13"]
[Round "3.6"]
[White "Gaal, Ede"]
[Black "Kiss, Balint"]
[Result "1-0"]
[WhiteElo "2058"]
[BlackElo "1821"]
[PlyCount "69"]
[EventDate "2011.09.25"]
[EventType "team-tourn"]
[EventRounds "11"]
[EventCountry "HUN"]
[SourceTitle "EXT 2013"]
[Source "ChessBase"]
[SourceDate "2012.11.22"]
[SourceVersion "1"]
[SourceVersionDate "2012.11.22"]
[SourceQuality "1"]
[WhiteTeam "Lovo"]
[BlackTeam "Arboretum"]
[WhiteTeamCountry "HUN"]
[BlackTeamCountry "HUN"]

1. e4 e5 2. Nf3 Nc6 3. Bb5 a6 4. Bxc6 dxc6 5. 0-0 Bg4 6. h3 h5 7. d3 Qf6 8. Be3 Bxf3 9. Qxf3 Qxf3 10. gxf3 Bd6 11. Nd2 0-0-0 12. Rfb1 c5 13. Kf1 Ne7 14. Ke2 f5 15. Bg5 f4 16. Nc4 Rde8 17. Bxe7 Rxe7 18. Rg1 Rh6 19. Rg5 g6 20. a4 b6 21. c3 Kd7 22. Rd1 Ke6 23. d4 Kf6 24. h4 cxd4 25. cxd4 Rh8 26. Rdg1 Rh6 27. Rc1 b5 28. Nxd6 cxd6 29. axb5 axb5 30. Rc6 Ke6 31. dxe5 Kd7 32. exd6 Rxe4+ 33. fxe4 Kxc6 34. Kf3 Kxd6 35. Rxb5 1-0

[Event "HUN-chT2 Szechenyi 1011"]
[Site "Hungary"]
[Date "2011.03.27"]
[Round "7.4"]
[White "Domonkos, Daniel"]
[Black "Gaal, Ede"]
[Result "1-0"]
[WhiteElo "2096"]
[BlackElo "2113"]
[PlyCount "99"]
[EventDate "2010.09.12"]
[EventType "team-tourn"]
[EventRounds "11"]
[EventCountry "HUN"]
[SourceTitle "EXT 2012"]
[Source "ChessBase"]
[SourceDate "2011.11.24"]
[SourceVersion "1"]
[SourceVersionDate "2011.11.24"]
[SourceQuality "1"]
[WhiteTeam "Veszprem"]
[BlackTeam "Lovo"]
[WhiteTeamCountry "HUN"]
[BlackTeamCountry "HUN"]

1. d4 Nf6 2. c4 g6 3. Nc3 Bg7 4. Bf4 0-0 5. e4 d6 6. Nf3 c5 7. dxc5 Qa5 8. Nd2 Qxc5 9. Nb3 Qb6 10. Be2 Be6 11. 0-0 Rc8 12. Rc1 Bxc4 13. Nd5 Nxd5 14. exd5 Qa6 15. Nd2 b5 16. Nxc4 bxc4 17. b3 Qxa2 18. Bxc4 Nd7 19. Rc2 Qa5 20. Qe2 Ne5 21. Bxe5 Bxe5 22. Ra2 Qc3 23. Ra6 Kg7 24. Qa2 Qd4 25. Qa4 h5 26. Qd7 Rxc4 27. bxc4 Qxc4 28. Ra3 Bxh2+ 29. Kxh2 Qxf1 30. Qxe7 a5 31. Rf3 Rf8 32. Qxd6 Qa1 33. Qe7 Qd4 34. d6 a4 35. d7 h4 36. d8Q Qxd8 37. Rxf7+ Rxf7 38. Qxd8 a3 39. f3 Rb7 40. Qd4+ Kf8 41. Qc5+ Kg7 42. Qxa3 Rb5 43. Qe7+ Kh6 44. Kh3 Rg5 45. Qf8+ Kh7 46. Qf7+ Kh6 47. Qg8 Rh5 48. f4 g5 49. Kg4 h3 50. Qh8+ 1-0